000 00702nam a2200277Ia 4500
005 20260320195829.0
008 008 262003s9999 xx 000 0 hin d
020 _a9789395737418
037 _aEBOOK
040 _aCRL
040 _bhin
040 _cCRL
041 _2hin
041 _ahin
084 _qCRL
100 _aमहेंद्र मधुकर
_91132762
245 0 _aभारतीय काव्यशास्त्र
250 _a1st
260 _bRajkamal
260 _c2022
300 _a408
856 _uhttps://ebook.indiaread.in/pdfs/bhartiya_kavyashtra_by_mahendra_madhukar.pdf
942 _cEBOOK
999 _c1716737
_d1716737